000
00283nam a22001217a 4500
082
_a
534 CAT'T
100
_a
SATTERLY, JOHN,CATCHPOOL, EDMUND
_9
57143
245
_a
TEXTBOOK OF SOUND
250
_a
7TH
260
_a
LONDON
_b
UNIVERSITY TUTORIAL
_c
1949
300
_a
379P
942
_c
BK
999
_c
567440
_d
567440